James Bond Movies by Theme Song Singer - Statistics

General Stats
  • This quiz has been taken 279 times
  • The average score is 16 of 23
Answer Stats
Singer/Band Movie % Correct
Adele Skyfall
96%
Paul McCartney & Wings Live and Let Die
85%
Shirley Bassey (1964) Goldfinger
82%
Duran Duran A View to a Kill
76%
A-Ha The Living Daylights
76%
Madonna Die Another Day
75%
Chris Cornell Casino Royale
74%
Shirley Bassey (1971) Diamonds Are Forever
72%
Tina Turner GoldenEye
72%
Jack White & Alicia Keys Quantum of Solace
72%
Shirley Bassey (1979) Moonraker
69%
John Barry & Orchestra Dr No
67%
Garbage The World is Not Enough
65%
Tom Jones Thunderball
65%
Carly Simon The Spy Who Loved Me
64%
Sheryl Crow Tomorrow Never Dies
62%
Sheena Easton For Your Eyes Only
61%
Matt Monro From Russia With Love
61%
Louis Armstrong On Her Majesty's Secret Service
59%
Nancy Sinatra You Only Live Twice
59%
Rita Coolidge Octopussy
58%
Lulu The Man With the Golden Gun
57%
Gladys Knight Licence to Kill
51%
No matching quizzes found
Score Distribution
Percent of People with Each Score
Percentile by Number Answered
Your Score History
You have not taken this quiz